Vnútropodnikové smernice v sústave jednoduchého účtovníctva
Význam vnútropodnikovej smernice pri riešení problémových situácií pri vedení jednoduchého účtovníctva, pri napomáhaní k preukázateľnosti daňových nákladov. Vzory vnútropodnikových smerníc - Vedenie účtovníctva, Pracovný poriadok, Tvorba rezerv. Rozpočet nákladov na tvorbu zákonnej rezervy na opravu...
Na minha lista:
| Autor principal: | |
|---|---|
| Formato: | Capítulo de Livro |
| Idioma: | eslovaco |
| Assuntos: | |
| Tags: |
Sem tags, seja o primeiro a adicionar uma tag!
|
MARC
| LEADER | 00000naa a2200000 4500 | ||
|---|---|---|---|
| 001 | r047297 | ||
| 005 | 20231003090115.3 | ||
| 041 | 0 | |a slo | |
| 044 | |a SK | ||
| 245 | 1 | 0 | |a Vnútropodnikové smernice v sústave jednoduchého účtovníctva |c Patrik Štefanička |
| 520 | |a Význam vnútropodnikovej smernice pri riešení problémových situácií pri vedení jednoduchého účtovníctva, pri napomáhaní k preukázateľnosti daňových nákladov. Vzory vnútropodnikových smerníc - Vedenie účtovníctva, Pracovný poriadok, Tvorba rezerv. Rozpočet nákladov na tvorbu zákonnej rezervy na opravu HIM. | ||
| 610 | 2 | 0 | |a účtovníctvo jednoduché |
| 610 | 2 | 0 | |a smernice |
| 610 | 2 | 0 | |a vedenie účtovníctva |
| 100 | 1 | |a Štefanička, Patrik | |